| 000 | 00502cam a22001931 4500 | ||
|---|---|---|---|
| 001 | ne 68004197 | ||
| 003 | DLC | ||
| 005 | 20260227111849.0 | ||
| 008 | 890127s1951 xx 000 0 ara | ||
| 010 | _ane 68004197 | ||
| 035 | _a(OCoLC)23481685 | ||
| 040 |
_aDLC _cMiU _dDLC |
||
| 050 | 0 | 0 |
_aHN40.M6 _bQ73 1951 |
| 100 | 1 |
_aQuṭb, Sayyid, _d1906-1966. |
|
| 245 | 1 | 0 | _aMaʻrakat al-Islām wa-al-raʼsmālīyah. |
| 260 | _c[1961] | ||
| 300 |
_a158 p. _c20 cm. |
||
| 650 | 0 | _aIslam and social problems. | |
| 999 |
_c50966 _d50966 |
||